000 00517cam a2200145 4500500
005 20251228093426.0
041 _afre
042 _adc
100 1 0 _aGousseff, Catherine
_eauthor
245 0 0 _aOlaf Mertelsmann, ed. The Sovietization of the Baltic States, 1940-1956
260 _c2005.
500 _a46
786 0 _nCahiers du monde russe | Vol 46 | 4 | 2005-11-01 | p. 859zi-990zi | 1252-6576
856 4 1 _uhttps://shs.cairn.info/revue-cahiers-du-monde-russe-2005-4-page-859zi?lang=fr&redirect-ssocas=7080
999 _c1604361
_d1604361